| 000 | 00626nam a2200217 a 4500 | ||
|---|---|---|---|
| 008 | |||
| 020 | _a0736073868 (pbk.) | ||
| 049 | _aMAIN | ||
| 090 |
_aGV943.9.T7 _bMAT |
||
| 100 | 1 | _aMatkovich, Michael J. | |
| 245 | 1 | 0 |
_aElite soccer drills / _cMichael J. Matkovich with Jason davis. |
| 260 |
_aChampaign : _bHuman Kinetics, _c2009. |
||
| 300 |
_axix, 186 p. : _bill. ; _c26 cm. |
||
| 650 | 1 | _aSoccer-Training. | |
| 700 | _aDavis, Jason. | ||
| 907 |
_a.b10323971 _b08-11-17 _c06-12-12 |
||
| 003 | |||
| 005 | 20230123125508.0 | ||
| 040 | _cNUST | ||
| 942 |
_cBOOKS _kGV943.9.T7 _mMAT |
||
| 999 |
_c142526 _d142526 |
||